| 000 | 00433aam a2200193 4500 | ||
|---|---|---|---|
| 005 | 20231011140318.0 | ||
| 008 | 150309b xxu||||| |||| 00| 0 spa d | ||
| 041 | _aspa | ||
| 082 | _a155.23 O82a | ||
| 100 |
_aOsho _98234 |
||
| 245 | _aAprender a amar | ||
| 260 | _aEspaña | ||
| 260 | _bDebolsillo | ||
| 260 | _c2011 | ||
| 300 | _a254 páginas | ||
| 650 | _aSUPERACIÓN PERSONAL | ||
| 650 | _aAMAR | ||
| 942 |
_cLIT _2ddc |
||
| 999 |
_c979 _d979 |
||